00289nam a2200109Ia 4500082001800000245003700018260003600055300001400091504002000105650003000125700002400155 aRR 150.3 DIC; 0aDictionary of behavioral science aSan DiegobAcademic Pressc1975 axi, 370p. aReference books aPsychology - Dictionaries aWolman, Benjamin B.